Normal view
MARC view
- Muhammad Bilal Mahmood
Entry Personal Name
001 - CONTROL NUMBER
- control field: 32958
003 - CONTROL NUMBER IDENTIFIER
- control field: NUST
005 - DATE AND TIME OF LATEST TRANSACTION
- control field: 20201020104803.0
008 - FIXED-LENGTH DATA ELEMENTS
- fixed length control field: 201020|| aca||aabn | a|a d
040 ## - CATALOGING SOURCE
- Original cataloging agency: NUST
- Transcribing agency: NUST
100 ## - HEADING--PERSONAL NAME
- Personal name: Muhammad Bilal Mahmood
670 ## - SOURCE DATA FOUND
- Source citation: Work cat.: (NUST): Muhammad Bilal Mahmood., Object Tracking Using Appearance Model Based on Feature Extracted from Multi-Scale Image Feature Space with Data-Independent Basis /, 2015.
